| 000 | 00956nam a22002897i 4500 | ||
|---|---|---|---|
| 003 | DO-SdBNP | ||
| 005 | 20230605115110.0 | ||
| 007 | ta | ||
| 008 | 210607e2017 dr a ||er|||| 00| pdspa d | ||
| 020 | _a9789945090581 | ||
| 040 |
_aDO-SdBNP _bspa _cBNPHU _erda |
||
| 041 | _hspa | ||
| 082 | 4 |
_aRD861.44 _bN964e _222 |
|
| 100 | 1 |
_aNúñez, Roberto _eautor _978757 |
|
| 245 | 1 | 3 |
_aEl amor en el sueño y otras emociones, ilusiones y más _b(poesía) / _cRoberto Núñez |
| 264 |
_aSanto Domingo : _bSoto Castillo, _c2017 |
||
| 300 |
_a206 paginas : _bilustracines ; _c22 cm |
||
| 336 |
_2rdacontent _atexto _btxt |
||
| 337 |
_2rdamedia _asin mediación _bn |
||
| 338 |
_2rdacarrier _avolumen _bnc |
||
| 500 | _aIncluye datos biográficos de la autora en la solapa de la cubierta. | ||
| 590 | _aInventariado, 2023/MFF | ||
| 650 | 4 | _aPoesía dominicana | |
| 650 | 4 | _aLiteratura dominicana | |
| 910 | _aValidado. Control de calidad MFF | ||
| 942 |
_2ddc _cLBS1 |
||
| 999 |
_c49885 _d49885 |
||